NPB 日本プロ野球 歴代守備位置別最多本塁打 - Statistics

General Stats
  • This quiz has been taken 908 times
  • The average score is 5 of 8
Answer Stats
守備位置 選手 本塁打 % Correct
一塁手 王貞治、アレックス・カブレラ 55
97%
捕手 野村克也 52
92%
三塁手 村上宗隆 56
86%
外野手 ウラディミール・バレンティン 60
85%
外野手 タフィ・ローズ 55
60%
遊撃手 宇野勝 41
42%
外野手 小鶴誠 51
21%
二塁手 グレッグ・ラロッカ 40
17%
No matching quizzes found
Score Distribution
Percent of People with Each Score
Percentile by Number Answered
Your Score History
You have not taken this quiz